Vista normal
Vista MARC
Entrada Personal Name
Número de registros utilizados en: 4
001 - CONTROL NUMBER
- control field: 5071
003 - CONTROL NUMBER IDENTIFIER
- control field: OSt
005 - DATE AND TIME OF LATEST TRANSACTION
- control field: 20230915225809.0
008 - FIXED-LENGTH DATA ELEMENTS
- fixed length control field: 230915|| aca||aabn | a|a d
040 ## - CATALOGING SOURCE
- Original cataloging agency: OSt
- Transcribing agency: OSt
100 ## - HEADING--PERSONAL NAME
- Personal name: Angles i Farrerons, Josep María
670 ## - SOURCE DATA FOUND
- Source citation: Work cat.: (OSt)18322: Angles i Farrerons, Josep María, Influencia de la luna en la agricultura y otros temas de principal interes para el campesino y gentes de la ciudad, 1996